Catalog

Record Details

Catalog Search



The Shadow  Cover Image Book Book

The Shadow / James Patterson and Brian Sitts.

Patterson, James, 1947- (author.). Sitts, Brian, (author.).

Summary:

Awakening in a world both unknown and disturbingly familiar, Lamont Cranston, aka the Shadow, must once again go up against his fiercest enemy, Shiwan Khan, and prove that he is not only a super crime-fighter, but an icon. Only two people know that 1930s society man Lamont Cranston has a secret identity as the Shadow, a crusader for justice. One is his greatest love, Margo Lane; the other his fiercest enemy, Shiwan Khan. When Khan ambushes the couple, Lamond awakens a century and a half later-- in a world both unknown and disturbingly familiar. He meets Maddy Gomes, a teenager with her own secrets. And Khan's power continues to be felt over the city and its people. Only the Shadow has a chance of succeeding in stopping Khan-- before more innocent lives are lost. --A century and a half later, Lamont awakens in a world both unknown and disturbingly familiar. The first person he meets is Maddy Gomes, a teenager with her own mysterious secrets, including a more than passing familiarity with the legend of the Shadow. Most disturbing, Khan's power continues to be felt over the city and its people. No one in this new world understands the dangers of stopping him better than Lamont Cranston. He also knows he's the only one who stands a chance. The Shadow must prove that he's not only a super crime-fighter, but an icon.

Record details

  • ISBN: 9781538703939
  • ISBN: 1538703939
  • ISBN: 9781538703953
  • ISBN: 1538703955
  • ISBN: 9781538706008
  • ISBN: 1538706008
  • Physical Description: 378 pages ; 22 cm
  • Edition: First edition.
  • Publisher: New York : Grand Central Publishing, 2021.

Content descriptions

General Note:
"Crime has a new enemy" -- Jacket.
"James Patterson's explosive reimagining of the iconic detective who has thrilled readers across generations" -- Front jacket flap
Includes James Patterson's recommended reads.
Subject: Shadow (Fictitious character) > Fiction.
Superheroes > Fiction.
Teenage girls > Fiction.
Time travel > Fiction.
New York (N.Y.) > Fiction.
Genre: Thrillers (Fiction)
Time-travel fiction.
Superhero fiction.
Novels.

Available copies

  • 2 of 2 copies available at scottsboropl.

Holds

  • 0 current holds with 2 total copies.
Show Only Available Copies
Location Call Number / Copy Notes Barcode Shelving Location Status Due Date
scottsboropl F Pat 32269001172520 Adult - Fiction Available -
scottsboropl F Pat 32269001175671 Storage - Adult Available -

LDR 04392cam a2200853 i 4500
001156791
003SBPL
00520211025094459.0
008210513s2021 nyu e 000 f eng d
010 . ‡a 2021936026 ‡z 2021098097
020 . ‡a9781538703939 ‡q(hardcover)
020 . ‡a1538703939 ‡q(hardcover)
020 . ‡a9781538703953 ‡q(paperback)
020 . ‡a1538703955 ‡q(paperback)
020 . ‡a9781538706008 ‡q(hardcover)
020 . ‡a1538706008 ‡q(hardcover)
035 . ‡a(OCoLC)1250483735 ‡z(OCoLC)1224299962 ‡z(OCoLC)1224300097 ‡z(OCoLC)1260207966 ‡z(OCoLC)1260208246 ‡z(OCoLC)1261055325 ‡z(OCoLC)1261057381 ‡z(OCoLC)1261057885 ‡z(OCoLC)1265315622
05014. ‡aPS3566.A822 ‡bS49 2021
08204. ‡a813/.54 ‡223
1001 . ‡aPatterson, James, ‡d1947- ‡eauthor.
24514. ‡aThe Shadow / ‡cJames Patterson and Brian Sitts.
250 . ‡aFirst edition.
264 1. ‡aNew York : ‡bGrand Central Publishing, ‡c2021.
300 . ‡a378 pages ; ‡c22 cm
336 . ‡atext ‡btxt ‡2rdacontent
337 . ‡aunmediated ‡bn ‡2rdamedia
338 . ‡avolume ‡bnc ‡2rdacarrier
500 . ‡a"Crime has a new enemy" -- Jacket.
500 . ‡a"James Patterson's explosive reimagining of the iconic detective who has thrilled readers across generations" -- Front jacket flap
500 . ‡aIncludes James Patterson's recommended reads.
520 . ‡aAwakening in a world both unknown and disturbingly familiar, Lamont Cranston, aka the Shadow, must once again go up against his fiercest enemy, Shiwan Khan, and prove that he is not only a super crime-fighter, but an icon. Only two people know that 1930s society man Lamont Cranston has a secret identity as the Shadow, a crusader for justice. One is his greatest love, Margo Lane; the other his fiercest enemy, Shiwan Khan. When Khan ambushes the couple, Lamond awakens a century and a half later-- in a world both unknown and disturbingly familiar. He meets Maddy Gomes, a teenager with her own secrets. And Khan's power continues to be felt over the city and its people. Only the Shadow has a chance of succeeding in stopping Khan-- before more innocent lives are lost. --A century and a half later, Lamont awakens in a world both unknown and disturbingly familiar. The first person he meets is Maddy Gomes, a teenager with her own mysterious secrets, including a more than passing familiarity with the legend of the Shadow. Most disturbing, Khan's power continues to be felt over the city and its people. No one in this new world understands the dangers of stopping him better than Lamont Cranston. He also knows he's the only one who stands a chance. The Shadow must prove that he's not only a super crime-fighter, but an icon.
60000. ‡aShadow ‡c(Fictitious character) ‡vFiction.
650 0. ‡aSuperheroes ‡vFiction.
650 0. ‡aTeenage girls ‡vFiction.
650 0. ‡aTime travel ‡vFiction.
651 0. ‡aNew York (N.Y.) ‡vFiction.
655 7. ‡aThrillers (Fiction) ‡2lcgft
655 7. ‡aTime-travel fiction. ‡2lcgft
655 7. ‡aSuperhero fiction. ‡2lcgft
655 7. ‡aNovels. ‡2lcgft
7001 . ‡aSitts, Brian, ‡eauthor.
901 . ‡a156791 ‡b ‡c156791 ‡tbiblio

Additional Resources